Vlaggen van de wereld - Statistieken

Algemene statistieken
  • Deze quiz is 507 keer genomen
  • De gemiddelde score is 118 van 196
Antwoordstatistieken
Foto Antwoord % Correct
Verenigde Staten
99%
Brazilië
97%
Frankrijk
97%
Italië
97%
Nederland
97%
Rusland
97%
Australië
96%
Canada
96%
China
96%
Griekenland
96%
Japan
96%
Noorwegen
96%
Verenigd Koninkrijk
96%
Zweden
96%
Ierland
95%
Israël
94%
Zuid-Afrika
94%
Mexico
93%
Zuid-Korea
93%
Finland
91%
Iran
91%
België
90%
Hongarije
90%
IJsland
90%
Nieuw-Zeeland
90%
Jamaica
89%
Bulgarije
88%
Denemarken
88%
Zwitserland
88%
Albanië
87%
Cyprus
87%
Duitsland
86%
Spanje
86%
Turkije
85%
Georgië
84%
Polen
84%
India
82%
Ivoorkust
82%
Kosovo
82%
Malta
81%
Oostenrijk
81%
Argentinië
80%
Vietnam
80%
Vaticaanstad
79%
Nepal
78%
Kroatië
77%
Bangladesh
76%
Egypte
76%
Luxemburg
76%
Macedonië
75%
Saoedi-Arabië
75%
Portugal
73%
San Marino
73%
Tsjechië
73%
Algerije
72%
Libanon
72%
Monaco
72%
Tunesië
72%
Uruguay
72%
Estland
71%
Indonesië
71%
Kenia
71%
Pakistan
71%
Slowakije
71%
Irak
70%
Marokko
70%
Slovenië
70%
Bosnië en Herzegovina
69%
Servië
68%
Bhutan
67%
Kameroen
67%
Noord-Korea
67%
Oekraïne
67%
Roemenië
67%
Wit-Rusland
67%
Kazachstan
66%
Peru
66%
Venezuela
66%
Madagaskar
65%
Chili
64%
Dominicaanse Republiek
63%
Liechtenstein
63%
Maleisië
63%
Qatar
63%
Colombia
61%
Congo-Kinshasa
61%
Panama
61%
Syrië
61%
Thailand
61%
Cuba
60%
Nigeria
60%
Singapore
60%
Barbados
59%
Filipijnen
59%
Azerbeidzjan
58%
Letland
58%
Niger
56%
Palau
56%
Somalië
56%
Andorra
55%
Honduras
55%
Moldavië
55%
Sri Lanka
55%
Verenigde Arabische Emiraten
55%
Burkina Faso
54%
Costa Rica
54%
Gabon
54%
Litouwen
54%
Angola
53%
Ecuador
53%
Montenegro
53%
Senegal
53%
Suriname
53%
Bahrein
52%
Jemen
52%
Armenië
51%
Oeganda
51%
Paraguay
51%
Turkmenistan
51%
Myanmar
50%
Papoea-Nieuw-Guinea
50%
Tonga
50%
Cambodja
49%
eSwatini
49%
Oezbekistan
49%
Seychellen
49%
Ghana
48%
Laos
48%
Ethiopië
47%
Taiwan
47%
Tanzania
47%
Mongolië
46%
Jordanië
45%
Koeweit
45%
Mozambique
45%
Libië
44%
Maldiven
44%
Tsjaad
44%
Bahamas
43%
Botswana
43%
Comoren
43%
Fiji
43%
Haïti
43%
Oman
43%
Belize
42%
Brunei
42%
Kaapverdië
42%
Kiribati
42%
Malawi
42%
Mali
42%
Mauritanië
42%
Afghanistan
41%
El Salvador
41%
Liberia
41%
Soedan
41%
Eritrea
40%
Kirgizië
40%
Tadzjikistan
40%
Zambia
40%
Zuid-Soedan
40%
Nicaragua
39%
Saint Lucia
39%
Trinidad en Tobago
39%
Zimbabwe
39%
Antigua en Barbuda
38%
Burundi
38%
Centraalafrikaanse Republiek
38%
Congo-Brazzaville
38%
Lesotho
38%
Marshalleilanden
38%
Micronesia
38%
Oost-Timor
38%
Rwanda
38%
Dominica
37%
Namibië
37%
Togo
37%
Benin
36%
Djibouti
36%
Guatemala
36%
Guyana
36%
Nauru
35%
Grenada
34%
Mauritius
34%
Bolivia
33%
Samoa
33%
Sierra Leone
33%
Equatoriaal-Guinea
32%
Vanuatu
32%
Guinee
31%
Saint Kitts en Nevis
31%
Saint Vincent en de Grenadines
31%
Tuvalu
31%
Gambia
30%
Sao Tome en Principe
30%
Guinee-Bissau
28%
Salomonseilanden
27%
Geen overeenkomende quizzen gevonden
Scoreverdeling
Procent van Mensen met Elke Score
Percentiel versus Aantal Correcte Antwoorden
Uw Scoregeschiedenis
U heeft deze quiz nog niet genomen